000 01947camaa2200445 i 4500
001 768714001
003 CO-MdFUSB
005 20230516104026.0
007 ta
008 160930t20122015xxu||||| |||| 00| 0 eng d
020 _a978-0-8010-4836-4
_c (Vol.1)
020 _a 978-0-8010-4837-1
_c(Vol. 2)
020 _a9780801048388
_c(Vol.3)
020 _a978801048395
_c(Vol.4)
040 _aCO-MdFUSB
_bEspañol
_cCO-MdFUSB
_dCO-MdFUSB
_erda
041 _aeng
082 _223
_a226.607
_bK266a
100 1 _aKeener, Craig S.
_dautor
245 1 0 _aActs :
_ban exegetical commentary
_c/ Craig S. Keener
264 1 _aGrand Rapids, Michigan :
_bBaker Academic,
_c[2012]
264 4 _c©2012 - 2013
300 _a4 CD-ROM
_e+ 4 volumenes
336 _2rdacontent
_atexto
_btxt
337 _2rdamedia
_aComputadora
_bc
338 _2rdacarrier
_avolumen
_bnc
500 _aMaterial acompañante en Colección de Referencia con signatura: R 226.607 K266a
501 _aPasta dura
505 0 1 _tVolumen 1:
_aTrabajos, citas e índices para la Introducción y 1:1-2:47.
505 0 1 _tVolumen 2:
_aTrabajos, citas e índices para los volúmenes 1 y 2: (Hechos: 1:1-14:28.
505 0 1 _tVolumen 3:
_aTrabajos, citas e índices. Volumen 1 - 3 (Hechos 1: 1-23:35).
505 0 1 _tVolumen 4
_aTrabajos, citas e índices para los volúmenes 1-4 (Hechos 1:1-28:31).
650 7 _9404
_aHechos de los Apostoles (Apócrifos)
_xCrítica, interpretación, etc.
773 0 _047205
_956528
_aKeener, Craig S.
_o20105
_tActs :
_w(CO-MdFUSB)20854
_z978-0-8010-4836-4 (Vol.1)
773 0 _047205
_956529
_aKeener, Craig S.
_o20106
_tActs :
_w(CO-MdFUSB)20854
_z978-0-8010-4837-1 (Vol. 2)
773 0 _047205
_976055
_aKeener, Craig S.
_o21950
_tActs :
_w(CO-MdFUSB)20854
_z(Vol.3)
773 0 _047205
_976056
_aKeener, Craig S.
_o21951
_tActs :
_w(CO-MdFUSB)20854
_z(Vol.4)
942 _cVM
999 _c63958
_d63958